<?xml version="1.0" encoding="UTF-8"?>
<record
    xmlns:xsi="http://www.w3.org/2001/XMLSchema-instance"
    xsi:schemaLocation="http://www.loc.gov/MARC21/slim http://www.loc.gov/standards/marcxml/schema/MARC21slim.xsd"
    xmlns="http://www.loc.gov/MARC21/slim">

  <leader>01506cam a2200289 a 4500</leader>
  <controlfield tag="003">EG-GiCUC</controlfield>
  <controlfield tag="005">20250223032222.0</controlfield>
  <controlfield tag="008">190306s2018    ua     f m    000 0 eng d</controlfield>
  <datafield tag="040" ind1=" " ind2=" ">
    <subfield code="a">EG-GiCUC</subfield>
    <subfield code="b">eng</subfield>
    <subfield code="c">EG-GiCUC</subfield>
  </datafield>
  <datafield tag="041" ind1="0" ind2=" ">
    <subfield code="a">eng</subfield>
  </datafield>
  <datafield tag="049" ind1=" " ind2=" ">
    <subfield code="a">Gift </subfield>
  </datafield>
  <datafield tag="097" ind1=" " ind2=" ">
    <subfield code="a">Ph.D</subfield>
  </datafield>
  <datafield tag="099" ind1=" " ind2=" ">
    <subfield code="a">Cai01.34.Ph.D.2018.Am.U</subfield>
  </datafield>
  <datafield tag="100" ind1="0" ind2=" ">
    <subfield code="a">Amal Mansour Abdulallah </subfield>
  </datafield>
  <datafield tag="245" ind1="1" ind2="0">
    <subfield code="a">Using the oral discourse analysis to improve the semantic morphological, syntactic, phonological, and pragmatic proficiencies of EFL prospespective teachers and their linguistic awareness / </subfield>
    <subfield code="c">Amal Mansour Abdulallah ; Supervised Bahaa Eldeen Elnagaar , Azaa Hamdy Almarsafi , Mona Salah Abdulallah</subfield>
  </datafield>
  <datafield tag="246" ind1="1" ind2="5">
    <subfield code="a">&#x625;&#x633;&#x62A;&#x62E;&#x62F;&#x627;&#x645; &#x62A;&#x62D;&#x644;&#x64A;&#x644; &#x627;&#x644;&#x62E;&#x637;&#x627;&#x628; &#x627;&#x644;&#x634;&#x641;&#x647;&#x649; &#x644;&#x62A;&#x646;&#x645;&#x64A;&#x629; &#x627;&#x644;&#x643;&#x641;&#x627;&#x621;&#x627;&#x62A; &#x627;&#x644;&#x62F;&#x644;&#x627;&#x644;&#x64A;&#x629; &#x627;&#x644;&#x635;&#x631;&#x641;&#x64A;&#x629;: &#x627;&#x644;&#x646;&#x62D;&#x648;&#x64A;&#x629; : &#x627;&#x644;&#x641;&#x648;&#x646;&#x648;&#x644;&#x648;&#x62C;&#x64A;&#x629; : &#x648;&#x627;&#x644;&#x628;&#x631;&#x627;&#x62C;&#x645;&#x627;&#x62A;&#x64A;&#x629; &#x648;&#x627;&#x644;&#x648;&#x639;&#x649; &#x627;&#x644;&#x644;&#x63A;&#x648;&#x649; &#x644;&#x62F;&#x649; &#x627;&#x644;&#x637;&#x644;&#x627;&#x628; &#x627;&#x644;&#x645;&#x639;&#x644;&#x645;&#x64A;&#x646; &#x628;&#x634;&#x639;&#x628;&#x629; &#x627;&#x644;&#x644;&#x63A;&#x629; &#x627;&#x644;&#x625;&#x646;&#x62C;&#x644;&#x64A;&#x632;&#x64A;&#x629; </subfield>
  </datafield>
  <datafield tag="260" ind1=" " ind2=" ">
    <subfield code="a">Elsharkya : </subfield>
    <subfield code="b">Amal Mansour Abdulallah , </subfield>
    <subfield code="c">2018</subfield>
  </datafield>
  <datafield tag="300" ind1=" " ind2=" ">
    <subfield code="a">213 P. ; </subfield>
    <subfield code="c">30cm </subfield>
  </datafield>
  <datafield tag="502" ind1=" " ind2=" ">
    <subfield code="a">Thesis (Ph.D.) - Zagazig University - Faculty of Specific Education - Department of Educational Psychology Curriculum and Instruction (TEFL)</subfield>
  </datafield>
  <datafield tag="700" ind1="0" ind2=" ">
    <subfield code="a">Azaa Hamdy Almarsafi , </subfield>
    <subfield code="e">Supervisor</subfield>
  </datafield>
  <datafield tag="700" ind1="0" ind2=" ">
    <subfield code="a">Bahaa Eldeen Elnagaar , </subfield>
    <subfield code="e">Supervisor</subfield>
  </datafield>
  <datafield tag="700" ind1="0" ind2=" ">
    <subfield code="a">Mona Salah Abdulallah , </subfield>
    <subfield code="e">Supervisor</subfield>
  </datafield>
  <datafield tag="856" ind1=" " ind2=" ">
    <subfield code="u">http://172.23.153.220/th.pdf</subfield>
  </datafield>
  <datafield tag="905" ind1=" " ind2=" ">
    <subfield code="a">Nazla</subfield>
    <subfield code="e">Revisor</subfield>
  </datafield>
  <datafield tag="905" ind1=" " ind2=" ">
    <subfield code="a">Shimaa</subfield>
    <subfield code="e">Cataloger</subfield>
  </datafield>
  <datafield tag="942" ind1=" " ind2=" ">
    <subfield code="2">ddc</subfield>
    <subfield code="c">TH</subfield>
  </datafield>
  <datafield tag="999" ind1=" " ind2=" ">
    <subfield code="c">70695</subfield>
    <subfield code="d">70695</subfield>
  </datafield>
  <datafield tag="952" ind1=" " ind2=" ">
    <subfield code="2">ddc</subfield>
    <subfield code="7">0</subfield>
    <subfield code="a">CUCL</subfield>
    <subfield code="b">cl210</subfield>
    <subfield code="d">2024-02-11</subfield>
    <subfield code="o">Cai01.34.Ph.D.2018.Am.U</subfield>
    <subfield code="p">01010110077315000</subfield>
    <subfield code="r">2023-09-22 00:00:00</subfield>
    <subfield code="y">TH</subfield>
  </datafield>
</record>
